| 000 | 00945nam a22002417a 4500 | ||
|---|---|---|---|
| 008 | 081211t xxu||||| |||| 00| 0 eng d | ||
| 010 | _aENG-92116 | ||
| 020 |
_a9788178298870 _c295.00 |
||
| 035 | _aEN-75649 | ||
| 037 | _bDBAD / PUB | ||
| 040 |
_adpl _bEnglish |
||
| 082 | _a658.4092 | ||
| 100 | _aLakshman, C. | ||
| 245 |
_aKnowledge leadership: _cby C. Lakshman _btools for executive leaders / |
||
| 260 |
_aNew Delhi _bResponse Books _c2008 |
||
| 270 |
_aB1/I-1, Mohan Cooperative Industrial Area Mathura Road, _bNew Delhi _e110044 |
||
| 300 |
_axii, 215p. _c22cm (pbk) |
||
| 500 | _aIncludes bibliographical references | ||
| 650 | _aKnowledge management | ||
| 650 |
_aLeadership _vCase studies. |
||
| 942 |
_2ddc _cEN _h658.4092 _mLAK |
||
| 999 |
_c19676 _d19676 |
||